000 00783nam a2200229Ia 4500
001 L871-38290
003 IT-CnALBA
008 170116s9999||||xx |||||||||||||| ||und||
040 _aIT-CnALBA
_cIT-CnALBA
041 _aITALIANO
100 _aSALLUSTIO C. CRISPO
245 0 _aLA GUERRA CATILINARIA E LA GUERRA GIUGURTINA.
250 _a1a ed.
260 _aMILANO
_bSONZOGNO EDOARDO, EDITORE.
_c1933 [1° Ed.:1933 - Ed.Ling.Originale: 1933]
300 _a106 p.
500 _aNOTA BIOGRAFICA SULL'AUTORE SALLUSTIO.
501 _aSocietà San Paolo EM - Piazza San Paolo, 14 - 12051 ALBA (CN) (non commercial uses only) ® Copyright 2017
520 _aNOTA BIOGRAFICA SULL'AUTORE SALLUSTIO.
650 _aPROSE E POESIA LATINA
942 _cBK
957 _71
999 _a43061
_bSI
_g Copie: 1
_c297096
_d297096